000 00582nam a2200181Ia 4500
008 151202s9999||||xx |||||||||||||| ||und||
082 _bPNVM-31394
100 _aबोरकर लक्ष्मीदास.
245 _aसुगंधा प्रत 1 ली.
260 _b---
260 _c0
300 _a0
600 _aबोरकर लक्ष्मीदास.
630 _aसुगंधा प्रत 1 ली.
700 _aबोरकर लक्ष्मीदास.
730 _aसुगंधा प्रत 1 ली.
942 _cBOOK
999 _c1297355
_d1297352